AH International Schools' Libraries

Growing up: (Record no. 50378)

MARC details
000 -LEADER
fixed length control field 00505nam a2200157 4500
020 ## - INTERNATIONAL STANDARD BOOK NUMBER
International Standard Book Number 9780860208372
100 ## - MAIN ENTRY--PERSONAL NAME
Personal name Meredith, Susan.
9 (RLIN) 30880
245 ## - TITLE STATEMENT
Title Growing up:
Remainder of title adolesce, body changes and sex /
Statement of responsibility, etc Susan Meredith.
260 ## - PUBLICATION, DISTRIBUTION, ETC. (IMPRINT)
Place of publication, distribution, etc London:
Name of publisher, distributor, etc Usborne;
Date of publication, distribution, etc 1987.
300 ## - PHYSICAL DESCRIPTION
Extent 48 p.
Other physical details col. ill.
Dimensions 24 cm.
490 ## - SERIES STATEMENT
Series statement Usborne facts of life ;
700 ## - ADDED ENTRY--PERSONAL NAME
Relator code illustrator.
Personal name Sue Stitt
9 (RLIN) 87338
700 ## - ADDED ENTRY--PERSONAL NAME
Relator code illustrator.
Personal name Kuo Kang Chen
9 (RLIN) 87339
700 ## - ADDED ENTRY--PERSONAL NAME
Relator code illustrator.
Personal name Rob McCaig
9 (RLIN) 87340
942 ## - ADDED ENTRY ELEMENTS (KOHA)
Source of classification or shelving scheme
Koha item type NON FIC SECTION
Holdings
Withdrawn status Lost status Source of classification or shelving scheme Damaged status Not for loan Collection code Home library Current library Date acquired Full call number Barcode Date last seen Price effective from Koha item type
          Non-Fiction Asian Hope Secondary Library Asian Hope Secondary Library 04/18/2017 612.661 MER 211762 04/08/2026 04/08/2026 NON FIC SECTION

For any Logos Library related questions please contact Miss Art at swongnarasuk@asianhope.org.

For any Asian Hope Library related questions please contact Miss Raza at graza@asianhope.org.

Powered by Koha